000
00266nam a2200097 a 4500
005
20200930075909.0
008
120126s1951 000 spa d
245
0
_a
Filosofia de un regimen.
260
_a
Ciudad Trujillo, República Dominicana,
_c
1951.
999
_c
36212
_d
36212
040
_a
DO-SdBNP